Projekt Kraken /

Hlavní autor: Preston, Douglas J., 1956-
Další autoři: Lipčík, Roman, 1958-
Jazyk: Čeština
Vydáno: Praha : BB/art, 2016
Vydání: Druhé vydání v českém jazyce, první brožované
Témata:
Fyzický popis: 326 stran ; 20 cm
Knihy
Uloženo v:
LEADER 01541nam a2200445 i 4500
001 nkc20162829059
003 CZ PrNK
005 20161031131535.0
007 ta
008 161003s2016 xr e 000 f cze
015 |a cnb002829059 
020 |a 978-80-7507-572-7  |q (brožováno) 
035 |a (OCoLC)962340639 
040 |a ABA001  |b cze  |e rda 
041 1 |a cze  |h eng 
072 7 |a 821.111(73)-3  |x Americká próza  |2 Konspekt  |9 25 
080 |a 821.111(73)-31  |2 MRF 
080 |a (0:82-311.9)  |2 MRF 
080 |a (0:82-312.4)  |2 MRF 
100 1 |a Preston, Douglas J.,  |d 1956-  |7 jn20000810185  |4 aut 
240 1 0 |a Kraken Project.  |l Česky 
245 1 0 |a Projekt Kraken /  |c Douglas Preston ; přeložil Roman Lipčík 
250 |a Druhé vydání v českém jazyce, první brožované 
264 1 |a Praha :  |b BB/art,  |c 2016 
300 |a 326 stran ;  |c 20 cm 
336 |a text  |b txt  |2 rdacontent 
337 |a bez média  |b n  |2 rdamedia 
338 |a svazek  |b nc  |2 rdacarrier 
500 |a Přeloženo z angličtiny 
655 7 |a americké romány  |7 fd131796  |2 czenas 
655 7 |a vědecko-fantastické romány  |7 fd133847  |2 czenas 
655 7 |a thrillery (romány)  |7 fd184206  |2 czenas 
655 9 |a American fiction  |2 eczenas 
655 9 |a science fiction novels  |2 eczenas 
655 9 |a thrillers (novels)  |2 eczenas 
700 1 |a Lipčík, Roman,  |d 1958-  |7 jo20000071911  |4 trl 
910 2 |a BOA001  |b 1-1376.524 
990 |a BK 
995 |a 01 
996 6 |b 2610686563  |c 1-1376.524  |l MZK  |r Sklad / do 1 hodiny  |n 0  |p p.v.  |w 001584881  |u 000010  |a 1  |e BOA001  |j MZK50  |s P